000
00206 a2200097 4500
001
14554
100
_a
Bryaut A
245
_a
The years of endurance
260
_a
London
_b
Collins
_c
090
_c
11383
_d
11383
942
_a
NUST-CAE
_c
M
_c
1540
999
_c
249627
_d
249627